000 00218nam a2200097Ia 4500
005 20251222114407.0
008 251222s1900||||xx |||||||||||||| ||spa||
082 _aDVD0070/L33/1948
245 0 _aOliver Twist:
942 _cDVD
999 _c1876
_d1876